La educación en el siglo XX

Saved in:
Bibliografiske detaljer
Hovedforfatter: Palacios, Jesús (autor)
Format: Bog
Sprog:spansk
Udgivet: Caracas Laboratorio Educativo 1997
Udgivelse:2a. ed
Serier:Cuadernos de Educación, 146, 147, 148
Fag:
Tags: Tilføj Tag
Ingen Tags, Vær først til at tagge denne postø!

MARC

LEADER 00000nam a2200000 a 4500
001 UCQ4565
003 CL-VaPUC
008 980910e19970000VE |||||||||||||||||spa|d
082 0 4 |a 370.1  |b PAL  |2 21 
100 |a Palacios, Jesús  |e autor  |9 551416 
245 1 3 |a La educación en el siglo XX 
250 |a 2a. ed 
300 |a 3 v 
942 |c BK 
945 |d 19980910 00:00:00  |a aarredon 
260 |a Caracas  |b Laboratorio Educativo  |c 1997 
500 |a V.1: La tradición renovadora: Rosseau, Ferrière, Piaget, Freinet 
500 |a V.2: La crítica antiautoritaria: Ferrer, Neill, Rogers, Lobrot, Oury, Vasquez 
500 |a V.3: La crítica radical: Marx, Engels, Makarenko, Blonskij 
500 |a Gramsci 
500 |a Bourdieu, Passeron, Baudelot, Establet, Althusser 
600 0 |a Engels, Friedrich,  |d 1820-1895  |9 337012 
600 0 |a Marx, Karl Heinrich,  |d 1818-1883  |9 861123 
650 0 |a Educación  |9 258661 
650 0 |a Objetivos educativos  |9 306344 
650 0 |a Pedagogía  |9 255351 
650 0 |a Profesores   |9 308968 
650 7 |a MARXISMO  |2 CL-VaPUC  |9 418730 
583 |a last modification  |c 19980910 00:00:00  |k Rodrigo Vera 
490 0 |a Cuadernos de Educación, 146, 147, 148 
999 |c 274926  |d 274924 
952 |0 0  |1 0  |4 0  |6 370_100000000000000_PAL_1997  |7 0  |8 A  |9 311330  |a BIBEDU  |b BIBEDU  |d 2019-11-20  |h v.2  |i 346170K  |o 370.1 PAL 1997  |p 346170K  |r 2019-11-20  |w 2019-11-20  |y BK  |k BME 
952 |0 0  |1 0  |4 0  |6 370_100000000000000_PAL_1997  |7 0  |8 A  |9 311331  |a BIBEDU  |b BIBEDU  |d 2019-11-20  |h v.3  |i 3461718  |o 370.1 PAL 1997  |p 3461718  |r 2019-11-20  |w 2019-11-20  |y BK  |k BME